000 01067cam a22003137a 4500
003 CHAP
005 20220329133842.0
008 971013s1987 r 00010 d
010 _a11805
011 _a12777
035 _a16384
040 _cCHAP
082 _a631.585
_bR48Y 1986
100 0 0 _aResh, Howard M.
_996111
245 0 _aCultivos hidropónicos
_b: nuevas técnicas de producción
_c/por Howard M. Resh
250 _a2 ed.
260 _aMadrid :
_bMundi-Prensa,
_c1987.
300 _a318 p.
_b: ilus.
500 _aTrad. de la 2 ed. en inglés de 1986
590 _aBATCH-UPD
_b10
_c20130110
_lUCH01
_h0915
590 _aBATCH-UPD
_b10
_c20130914
_lUCH01
_h1615
590 _aCONVERSION
_b10
_c20130109
_lUCH01
_h1308
650 1 4 _aHidroponía.
_955280
901 _aBK
942 _cLIBRO
949 _a631.585 R48Y 1986
_bBC
_cESP
_d33724000091195
_eESP
_gI.137479
_h71514
_i16384
_si
_t60.00
949 _a631.585 R48Y 1986
_bBC
_cESP
_d33724000708400
_eESP
_fc.2
_h75668
_i16384
_si
_t60.00
949 _a631.585 R48Y 1987
_bF
_cLIBRO
_d-28619
_eLIBRO
_h2392
_i16384
_si
999 _c11805
_d11805